000 00670cam a22002413a 4500
001 19048
003 PGUSA
005 20140828083414.0
008 060815s2006||||xxu|||||s|||||000 | eng d
040 _aPGUSA
_beng
042 _adc
050 4 _aPQ
100 1 _aBazzero, Ambrogio,
_d1851-1882
245 1 0 _aStoria di un'anima
_h[electronic resource] /
_cAmbrogio Bazzero
260 _bProject Gutenberg,
_c2006
506 _aPublic domain in the USA.
516 _aElectronic text
653 _aBazzero, Ambrogio, 1851-1882
653 _aAutobiographies
830 0 _aProject Gutenberg
_v19048
856 4 0 _uhttp://www.gutenberg.org/ebooks/19048
942 _cEB
999 _c248303
_d248303